Abordaje integral del paciente bipolar : el rol de las disfunciones cognitivas /

Las conclusiones alcanzadas por estudios recientes sobre el rendimiento neurocognitivo de pacientes con trastorno bipolar, han ido certificando la existencia de disfunciones cognitivas en un grupo significativo de ellos, incluso en períodos de eutimia.

Bibliographic Details
Main Author: Núñez C., Pamela
Other Authors: Correa D., Eduardo
Format: Analitica de revista
Language:Spanish
Published: Santiago, Chile Universidad de Chile. Facultad de Medicina 2005
Subjects:
Online Access:

MARC

LEADER 00000cab a2200000 a 4500
001 047895
003 UAHC_CL
005 20180731122818.0
008 090810s2005 cl 000 spa
952 |0 0  |1 0  |4 0  |6 TRASTOR___ANIMO02_05_000000000000000  |7 0  |8 General  |9 86312  |a BC  |b BC  |c General  |d 2017-08-03  |l 0  |o TRASTOR. ANIMO-02/05  |p FICTICIO7984  |r 2019-01-08 00:00:00  |t 1  |w 2017-08-03  |y REVA 
999 |c 47895  |d 47895 
022 |a 07182015 
040 |a UAHC_CL  |c UAHC_CL  |d UAHC_CL 
100 1 |a Núñez C., Pamela 
245 1 0 |a Abordaje integral del paciente bipolar :  |b el rol de las disfunciones cognitivas /  |c Pamela Núñez C. y Eduardo Correa D. 
260 |b Universidad de Chile. Facultad de Medicina  |a Santiago, Chile  |c 2005 
300 |a p. 149-156 
310 |a Semestral 
500 |a En: Trastornos del ánimo, vol. 1 n˚2, 2005. ISBN 07182015. p. 149-156. 
520 |a Las conclusiones alcanzadas por estudios recientes sobre el rendimiento neurocognitivo de pacientes con trastorno bipolar, han ido certificando la existencia de disfunciones cognitivas en un grupo significativo de ellos, incluso en períodos de eutimia. 
521 |a Psiquiatría II 
650 4 |a TRASTORNO BIPOLAR 
653 |a PSICOLOGIA 
658 |a Olguín, Pablo 
658 |a Olguín, Pablo 
700 1 |a Correa D., Eduardo 
773 0 |t TS Cuadernos de trabajo social  |w 047958 
900 |a TRASTOR. ANIMO-02/05 
942 |c REVA  |2 ddc